| 000 | 00662nam a2200169 4500 | ||
|---|---|---|---|
| 008 | 180105b xxu||||| |||| 00| 0 eng d | ||
| 082 |
_21983 _aDC 348 _bT67r |
||
| 100 |
_925558 _aTradio, Cirilo M., author. |
||
| 245 |
_aRules and regulations governing Integrated National Police, annotated : _bwith Napolcom rulings and opinions on police cases / _cCirilo M Tradio. |
||
| 250 | _a1983 edition. | ||
| 260 |
_aQuezon City : _b Central Lawbook Pub. Co, _c ©1983. |
||
| 300 |
_avii, 405 pages : _billustrations ; _c21 cm. |
||
| 500 | _aInclude bibliographical references. | ||
| 650 | 0 |
_925559 _aPolice _xPhilippines. |
|
| 650 | 0 |
_925561 _aPolice. |
|
| 942 |
_2ddc _cDC |
||
| 999 |
_c8260 _d8260 |
||